Top 10 largest Islands - World Map Sudden Death - Statistics

General Stats
  • This quiz has been taken 360 times
  • The average score is 6 of 11
Answers on the Grid
Answers color-coded by a green-red scale on the quiz's grid according to % correct below.
 
Answer Stats
Answer % Correct
Greenland
79%
New Guinea
79%
Baffin, Ellesmere, Greenland
78%
Madagascar
51%
Borneo, Papua New Guinea
50%
Borneo, Sumatra
46%
Sumatra
41%
Honshu
39%
Baffin, Victoria
35%
Great Britain
29%
Great Britain
22%
No matching quizzes found
Score Distribution
Percent of People with Each Score
Percentile by Number Answered
Your Score History
You have not taken this quiz